Random Trivia #2 - Statistics

General Stats
  • This quiz has been taken 41 times
    40 since last reset
  • The average score is 3 of 7
Answer Stats
Question Answer % Correct
Is Texas a country? no
100%
What is the most populated country? India
81%
How many millions of earth could fitin the sun? 1
59%
How many millions of people live in Sao Paulo 12
30%
How many billions of people live on Earth? 8 Billion
11%
What is the deadliest hurricane? Galveston Hurricane
3%
What was the deadliesttsunami? Indian ocean
3%
No matching quizzes found
Score Distribution
Percent of People with Each Score
Percentile by Number Answered
Your Score History
You have not taken this quiz since the last reset